000
00321nam a2200121Ia 4500
008
220214s9999 xx 000 0 und d
245
0
_a
Kerala Gazette
260
_a
Trivandrum
500
_a
Ending Volume & Year: 1982,
500
_a
Missing Volume: 1980-1981(..)
500
_a
Starting Volume & Year: 1980,
942
_c
BJ
999
_c
9765
_d
9765